00281nam a2200121Ia 4500008004100000100002700041245003300068260001200101260001100113260000900124300000700133650001900140160226s9999 xx 000 0 und d10aWickramarachchi,D.K.R. aQuantum Dots :Nanotechnology aColombo bIchemc c2015 a53 aNanotechnology